| 000 | 00673cab a2200229 4500 | ||
|---|---|---|---|
| 001 | WB2702-10 | ||
| 008 | 090401t1990 xxu||||| |||| 00| 0 eng d | ||
| 035 | _a(Sirsi) u69995 | ||
| 041 | _aeng | ||
| 245 | _aProperty futures | ||
| 260 | _c1990 | ||
| 350 | _a0 | ||
| 490 |
_aLondon Fox Press Release _v15 November 1990 (2) |
||
| 520 | _aGives details of the property futures market developed to manage the risk associated with price uncertainty in the property market . | ||
| 650 | _aFUTURES MARKET | ||
| 650 | _aINVESTMENT | ||
| 650 | _aRECESSION | ||
| 650 | _aSLUMP | ||
| 690 | _aPROPERTY-PROPERTY FINANCE AND INVESTMENT | ||
| 942 | _n0 | ||
| 948 | _c04/03/1997 | ||
| 999 |
_c44029 _d44029 |
||